Регионална библиотека "Любен Каравелов" - Русе

Die Asche von Birkenau | Serenata pensierosa (Запис номер 515782)

MARC детайли
000 -Лидер
Лидер 01510njm a2200325 a 4500
003 - Код на организацията, давaща контролен номер
Код на организацията, даваща контролен номер BLK
005 - Дата и час на последна редакция
Дата и час на последна редакция 20250301005538.0
008 - Елементи от данни с фиксирана дължина
Елементи с фиксирана дължина 180413b bul||n|| |||||||| n|bulo|
028 ## - PUBLISHER NUMBER
Издателски номер 820839
040 ## - Източник на каталожния запис
Код на библиотеката BLK
041 ## - Код за език
Език на записа Немски
Език за КДБФ Немски
080 ## - УДК
УДК текст Вариации. Прелюдии. Интермецо. Фуги
УДК код 78.083.2
УДК – определител (086.72)
УДК – код + определител 78.083.2(086.72)
100 ## - Редна дума - Автор
R(LIN) 362808
Автор Kochan, Gunter
245 ## - Сведения за заглавието
Заглавие Die Asche von Birkenau
Авторска отговорност Günter Kochan ;
245 ## - Сведения за заглавието
Заглавие Serenata pensierosa
Авторска отговорност Ernst Hermann Meyer
257 ## - Страна на издаване
Страна на създаване/издаване Германия
260 ## - Област на издателските данни
Място на издаване Berlin
Име на издателя Deutsche Schallplatten
Година на издаване 1968
9 (RLIN) 215027
300 ## - Физическа характеристика
Брой страници 1 грамофонна плоча, двустранна
Илюстрации 33 o/min, stereo
Размер 30 см
380 ## - Жанр
Жанр Изкуство
490 ## - СЕРИИ (Колекции)
Серия Eterna
9 (RLIN) 493861
490 ## - СЕРИИ (Колекции)
9 (RLIN) 494075
Серия Unsere neue Musik
Номер в серията 33
500 ## - Общи забележки
Обща забележка (01) Günter Kochan - Die Asche von Birkenau (1965)<br/>(Kantate für Alt-Solo und Orchester)<br/>(01a) Andante rubato<br/>(01b) Interludium I (Andante)<br/>(01c) Allegro<br/>(01d) Grave<br/>(01e) Interludium II (Moderato)<br/>(01f) Vivace<br/>(01g) Epilog (Moderato)<br/>----<br/>(02) Ernst Hermann Meyer - Serenata pensierosa (1965)<br/>(Kurt Sanderling gewidmet)
511 ## - Забележка за участници или изпълнители
Забележка за участници Berliner Rundfunk-Sinfonie-Orchester<br/>Dirigent: Kurt Masur<br/><br/>Annelies Burmeister, Alt<br/><br/>Aufgenommen im April 1967<br/>----<br/>Berliner Sinfonie-Orchester<br/>Dirigent: Kurt Sanderling
518 ## - Забележка за време/място на протичане на отразеното събитие
Забележка за време и място на протичане на отразеното събитие Aufgenommen im April 1966
700 1# - Други автори (авторска отговорност)
9 (RLIN) 18531
Друг автор Meyer, Ernst Hermann
852 ## - Местоположение
Сигнатура (форматна) Ф ІІ 1065
Отдел Основен фонд - ползва се само за читалня
942 ## - АРТИКУЛИ
Вид на библиотечния документ Грамофонни плочи
Скрит в OPAC Не
944 ## - СЪЗДАВАНЕ И РЕДАКЦИЯ на ЗАПИСА
Дата на регистрацията/редакция Нора Радева
Служител, извършил регистрацията/редакцията
Статус, дата на статуса CRON CRON
999 ## - СИСТЕМНИ КОНТРОЛНИ НОМЕРА
Koha biblionumber 515782
Koha biblioitemnumber 515782
999 ## - СИСТЕМНИ КОНТРОЛНИ НОМЕРА
Koha biblioitemnumber 515782
Наличности
Код за отписване Код за изгубен артикул Източник на класификационната схема Код за повреда Коз за рестрикции Код за отдаване Артикулен № Име на библиотеката - собственик Име на библиотеката, в която се намира в момента Статус (Текущо местоположение) Дата на вписване в системата Местоположение - отдел Цена в лева Инвентарен номер Систематично азбучна сигнатура Баркод Цена в евро Служебен тип на артикула
  Не е изгубен Universal Decimal Classification Не е повреден само за читалня ползва се в читалня 947372 Регионална библиотека "Любен Каравелов" Русе Регионална библиотека "Любен Каравелов" Русе Хранилище 2024-08-23 Основен фонд - ползва се само за читалня 6.00 3665/69 Ф ІІ 1065 900000106830 3.07 Грамофонни плочи
Vip Innovations Ltd, Rousse, Bulgaria 2025